Tame your fears : (Record no. 3449)

MARC details
000 -LEADER
fixed length control field 00762cam a22002534a 4500
001 - CONTROL NUMBER
control field 50761351
003 - CONTROL NUMBER IDENTIFIER
control field OCoLC
005 - DATE AND TIME OF LATEST TRANSACTION
control field 20181217193238.0
008 - FIXED-LENGTH DATA ELEMENTS--GENERAL INFORMATION
fixed length control field 020924s2003 coua b 000 0 eng
010 ## - LIBRARY OF CONGRESS CONTROL NUMBER
LC control number 2002015679
020 ## - INTERNATIONAL STANDARD BOOK NUMBER
International Standard Book Number 1576833593
040 ## - CATALOGING SOURCE
Original cataloging agency DLC
Transcribing agency DLC
042 ## - AUTHENTICATION CODE
Authentication code pcc
082 ## - DEWEY DECIMAL CLASSIFICATION NUMBER
Classification number 248.84
Item number K37T
092 ## - LOCALLY ASSIGNED DEWEY CALL NUMBER (OCLC)
Classification number 248.843
Item number K37T
100 1# - MAIN ENTRY--PERSONAL NAME
Personal name Kent, Carol,
Dates associated with a name 1947-
245 10 - TITLE STATEMENT
Title Tame your fears :
Remainder of title and transform them into faith, confidence, and action /
Statement of responsibility, etc. Carol Kent
260 ## - PUBLICATION, DISTRIBUTION, ETC.
Place of publication, distribution, etc. Colorado Springs, Colo. :
Name of publisher, distributor, etc. NavPress,
Date of publication, distribution, etc. c2003
300 ## - PHYSICAL DESCRIPTION
Extent 208 p. :
Other physical details ill. ;
Dimensions 23 cm
504 ## - BIBLIOGRAPHY, ETC. NOTE
Bibliography, etc. note Includes bibliographical references (p. 247-252)
650 #0 - SUBJECT ADDED ENTRY--TOPICAL TERM
Topical term or geographic name entry element Christian women
General subdivision Religious life
650 #0 - SUBJECT ADDED ENTRY--TOPICAL TERM
Topical term or geographic name entry element Fear
General subdivision Religious aspects
-- Christianity
942 ## - ADDED ENTRY ELEMENTS (KOHA)
Source of classification or shelving scheme Dewey Decimal Classification
Koha item type Books
Holdings
Withdrawn status Lost status Source of classification or shelving scheme Damaged status Not for loan Collection code Home library Current library Shelving location Date acquired Cost, normal purchase price Total Checkouts Full call number Barcode Date last seen Price effective from Koha item type
    Dewey Decimal Classification     Non-fiction Harvest Mission College Harvest Mission College General Stacks 13.11.2018 250.00   248.84 K37T 004038 13.11.2018 13.11.2018 Books

OPAC Designed and Maintained by HMC Library Team.
Copyright © HMC Library,Greater Noida, UP.
For any Suggestions/Query Contact library via Email:libhmc@gmail.com